| 000 | 00684nam a2200205 i 4500 | ||
|---|---|---|---|
| 001 | 50406 | ||
| 003 | ES-MaACL | ||
| 005 | 20250829041754.0 | ||
| 007 | t| | ||
| 008 | 030804s1970 sp ||||1| spa d | ||
| 100 | 1 |
_aCruset, José. _941775 |
|
| 245 | 1 | 0 |
_aGuillermo Díaz-Plaja / _cJosé Cruset. |
| 260 |
_a[Madrid] : _bEpesa [Ediciones y Publicaciones Españolas], _c[1970] |
||
| 300 |
_a196 p. ; _c17 cm. |
||
| 490 | 1 |
_aGrandes escritores contemporáneos ; _v33 |
|
| 600 | 1 | 4 |
_aDíaz-Plaja, Guillermo, _d1909-1984- _xCrítica e interpretación _944398 |
| 830 | 1 | 0 |
_aGrandes escritores contemporáneos (Epesa) _v33 _9180697 |
| 852 |
_aES-MaACL _jC-40503 |
||
| 999 |
_c50406 _d50406 |
||